| 000 | 02583nam a2200301 4500 | ||
|---|---|---|---|
| 001 | 113892 | ||
| 003 | DR-UNIBE | ||
| 005 | 20250717141253.0 | ||
| 008 | 250717b2010 dr ||||| |||| 00| 0 spa d | ||
| 040 |
_aBIBLIOTECA UNIBE _bspa _cBIBLIOTECA UNIBE |
||
| 041 |
_aspa _hspa |
||
| 082 |
_222 _aRD 346.7293043 M737L 2010 |
||
| 100 | 1 |
_aMonción, Segundo E., _d1966- _eautor _9197429 |
|
| 245 | 1 | 3 |
_aLa litis, los incidentes y la demanda en referimiento en la jurisdicción inmobiliaria : _bformularios y jurisprudencias / _cSegundo E. Monción |
| 250 | _aPrimera edición | ||
| 260 |
_aSantiago de los Caballeros, República Dominicana : _b[Editor no identificado], _c2010 |
||
| 300 |
_axxx, 558 páginas ; _c23 cm |
||
| 504 | _aIncluye referencias bibliográficas (páginas: 549-554) e índice | ||
| 505 | 0 | _aPrólogo | Exordio | Capítulo I. La Litis sobre derechos registrados | Capítulo II. Competencia general de la jurisdicción inmobiliaria | Capítulo III. Nulidad del decreto que declara de utilidad pública un inmueble, procedimiento de expropiación | Capítulo IV. De las audiencias | Capítulo V. La simulación de los actos jurídicos | Capítulo VI. La lesión en terreno registrado | Capítulo VII. Tercer adquiriente a título oneroso y de buena fe | Capítulo VIII. La prueba en la jurisdicción inmobiliaria | Capítulo IX. Los incidentes | Capítulo X. Los incidentes de la prueba literal | Capítulo XI. Los incidentes de la instancia | Capítulo XII. Las excepciones del procedimiento | Capítulo XIII. Los medios de inadmisión | Capítulo XIV. La acumulación de los incidentes | Capítulo XV. La supletoriedad del derecho común | Capítulo XVI. Acciones que siguen el procedimiento de la litis sin ser una verdadera litis sobre derechos registrados | Capítulo XVII. La acción en justicia | Capítulo XVIII. Los incidentes relativos a las variaciones de las pretensiones de las partes | Capítulo XIX. Las astreintes por ante la jurisdicción inmobiliaria | Capítulo XX. El referimiento en la jurisdicción inmobiliaria | Capítulo XXI. Regularización parcelaria y el deslinde | Bibliografía | |
| 650 | 7 |
_2lemb _aBienes raíces _xAspectos jurídicos _zRepública Dominicana _9197451 |
|
| 650 | 7 |
_2lemb _aRegistro de la propiedad _zRepública Dominicana _92563 |
|
| 650 | 7 |
_2lemb _aDemanda de propiedades _9197452 |
|
| 650 | 7 |
_2lemb _aProcesos (Derecho) |
|
| 650 | 7 |
_2lemb _aFormularios legales _921651 |
|
| 650 | 7 |
_2lemb _aRecursos administrativos _930720 |
|
| 700 | 1 |
_aSubero Isa, Jorge A., _d1947- _eprologuista |
|
| 942 |
_2ddc _cBK |
||
| 999 |
_c113892 _d113892 |
||